INTRODUCTION TO THE THEORY OF STATISTICS (Record no. 9382)

MARC details
000 -LEADER
fixed length control field 00595nam a22001697a 4500
003 - CONTROL NUMBER IDENTIFIER
control field SGT
020 ## - INTERNATIONAL STANDARD BOOK NUMBER
International Standard Book Number 9780070445208
082 ## - DEWEY DECIMAL CLASSIFICATION NUMBER
Classification number 331,MOO
100 ## - MAIN ENTRY--PERSONAL NAME
Personal name MMOD,ALEXANDER.M.
245 ## - TITLE STATEMENT
Title INTRODUCTION TO THE THEORY OF STATISTICS
250 ## - EDITION STATEMENT
Edition statement 3RD
260 ## - PUBLICATION, DISTRIBUTION, ETC. (IMPRINT)
Place of publication, distribution, etc NEW DELHI
Name of publisher, distributor, etc TMH
Year of Publication 2001
300 ## - PAGE DESCRIPTION
No. of Pages 564
650 ## - SUBJECT ADDED ENTRY--TOPICAL TERM
Topical term or geographic name as entry element LABOR ECONOMICS
653 ## - KEYWORDS--INDEX TERM
Keyword term EXCERPTS FROM THE FIRST AND SECOND EDITION PREFACES,RANDOM VARIABLES,DISTRIBUTION FUNCTIONS AND EXPECTATION,SPECIAL PARAMETRIC FAMILIES OF UNIVERSITY DISTRIBUTIONS,SAMPLING AND SAMPLING DISTRIBUTION,PARAMETRIC INTERVAL ESTIMATION
942 ## - ADDED ENTRY ELEMENTS (KOHA)
Source of classification or shelving scheme Dewey Decimal Classification
Koha item type FPS Books
Holdings
Withdrawn status Lost status Source of classification or shelving scheme Damaged status Not for loan Collection code Home library Current library Shelving location Date acquired Vendor Name Cost, normal purchase price SGTU Bill Number Total Checkouts Full call number Accession No. (Barcode) Date last seen Bill Date Koha item type Date last borrowed
    Dewey Decimal Classification     SCIENCE SGT Science & Social Sciences Library SGT Science & Social Sciences Library Text Book 01/07/2016 AHUJA BOOK 699.00 SGTU 6680   331,MOO PS1479 01/07/2016 03/03/2016 FPS Books  
    Dewey Decimal Classification     SCIENCE SGT Science & Social Sciences Library SGT Science & Social Sciences Library Text Book 01/07/2016 AHUJA BOOK 699.00 SGTU 6884 1 331,MOO PS1878 20/02/2018 21/04/2016 FPS Books 06/02/2018
    Dewey Decimal Classification     SCIENCE SGT Science & Social Sciences Library SGT Science & Social Sciences Library Text Book 01/07/2016 AHUJA BOOK 699.00 SGTU 6884   331,MOO PS1879 01/07/2016 21/04/2016 FPS Books